00509nam a22001697a 450000500170000001000140001702000260003103500130005703700130007008200120008310000170009524500630011226000450017527000460022030000230026650000500028920100727111823.0 aENG-97179 a9789380190259c500.00 aEN-80712 bDBAD/PUB a301.153 aSami, Muniba aPostmodern Gandhi in life and literature /cby Muniba Sami aNew DelhibSatyam Publishing Housec2010 aN-3/25, Mohan Garden Uttam Nagar e110059 a176 pc21 cm. (Hb) aInculdes bibliographical references and index